Movies by Screenshot - Statistics

General Stats
  • This quiz has been taken 208 times
  • The average score is 9 of 16
Answer Stats
Picture Answer % Correct
It
88%
Forrest Gump
86%
Jaws
80%
Avatar
72%
Big Hero 6
72%
The Fast and the Furious
72%
Psycho
54%
The Waterboy
50%
The Minecraft Movie
49%
Star Wars: Episode I - The Phantom Menace
46%
The Princess Bride
45%
Paddington 2
44%
The Sandlot
44%
Flow
27%
Harry Potter and the Sorcerer's Stone
25%
Pirates of the Caribbean: The Curse of the Black Pearl
8%
No matching quizzes found
Score Distribution
Percent of People with Each Score
Percentile by Number Answered
Your Score History
You have not taken this quiz